Carpintería de encofrados (Registro nro. 3418)
[ vista simple ]
| 000 -LEADER | |
|---|---|
| fixed length control field | 00771nam a2200193Ia 4500 |
| 005 - DATE AND TIME OF LATEST TRANSACTION | |
| control field | 20251020182613.0 |
| 008 - FIXED-LENGTH DATA ELEMENTS--GENERAL INFORMATION | |
| fixed length control field | 200515s9999 xx 000 0 und d |
| 082 ## - DEWEY DECIMAL CLASSIFICATION NUMBER | |
| Classification number | SC/69.057.5/C91 |
| 110 ## - MAIN ENTRY--CORPORATE NAME | |
| Corporate name or jurisdiction name as entry element | Ministerio de la Construcción |
| 245 #0 - TITLE STATEMENT | |
| Title | Carpintería de encofrados |
| 260 ## - PUBLICATION, DISTRIBUTION, ETC. | |
| Place of publication, distribution, etc. | La Habana |
| 260 ## - PUBLICATION, DISTRIBUTION, ETC. | |
| Date of publication, distribution, etc. | s.a. |
| 300 ## - PHYSICAL DESCRIPTION | |
| Extent | 159 |
| 500 ## - GENERAL NOTE | |
| General note | replanteo y trazado de excavaciones, entubamiento, cimentaciones, zapata, etc. |
| 520 ## - SUMMARY, ETC. | |
| Summary, etc. | Documento elaborado por el Ministerio de la Construcción de Cuba para capacitación en carpintería de encofrados. Se recoge de forma general las actividades propias de la especialidad las que están recogidas en los programas de estudio tales como medicione |
| 650 ## - SUBJECT ADDED ENTRY--TOPICAL TERM | |
| Topical term or geographic name entry element | CARPINTERIA |
| 650 ## - SUBJECT ADDED ENTRY--TOPICAL TERM | |
| Topical term or geographic name entry element | ENCOFRADOS |
| 942 ## - ADDED ENTRY ELEMENTS (KOHA) | |
| Koha item type | Libros |
| Fecha de la última vez que lo usaron | Pago total | Signatura topográfica completa | Código de barras | Precio efectivo desde | Tipo de documento | Estado perdido | Estado dañado | No es para préstamo | Retirado | Ubicación permanente | Ubicación actual | Fecha de adquisición |
|---|---|---|---|---|---|---|---|---|---|---|---|---|
| 15/05/2020 | SC/69.057.5/C91 | Bib-Lima15053418 | 15/05/2020 | Libros | Biblioteca Central Lima | Biblioteca Central Lima | 15/05/2020 |